<?xml version="1.0" encoding="UTF-8"?>
<record
    xmlns:xsi="http://www.w3.org/2001/XMLSchema-instance"
    xsi:schemaLocation="http://www.loc.gov/MARC21/slim http://www.loc.gov/standards/marcxml/schema/MARC21slim.xsd"
    xmlns="http://www.loc.gov/MARC21/slim">

  <leader>01052nab a2200277 uc4500</leader>
  <controlfield tag="001">765267</controlfield>
  <controlfield tag="005">20240220090018.0</controlfield>
  <controlfield tag="008">020801e20010701                    spa  </controlfield>
  <datafield tag="035" ind1=" " ind2=" ">
    <subfield code="a">765267</subfield>
  </datafield>
  <datafield tag="035" ind1=" " ind2=" ">
    <subfield code="a">(OCoLC)819983270</subfield>
  </datafield>
  <datafield tag="040" ind1=" " ind2=" ">
    <subfield code="c">comduadb</subfield>
  </datafield>
  <datafield tag="041" ind1=" " ind2=" ">
    <subfield code="a">spa</subfield>
  </datafield>
  <datafield tag="100" ind1="1" ind2="0">
    <subfield code="a">Camargo Uribe, Angela</subfield>
    <subfield code="4">aut</subfield>
    <subfield code="0">(isni)0000000041828067</subfield>
    <subfield code="0">(viaf)63630754</subfield>
    <subfield code="e">aut</subfield>
    <subfield code="9">239261</subfield>
  </datafield>
  <datafield tag="245" ind1="1" ind2="0">
    <subfield code="a">Analisis de dos tareas de acceso al lexico</subfield>
  </datafield>
  <datafield tag="650" ind1=" " ind2=" ">
    <subfield code="a">L&#xE9;xico</subfield>
    <subfield code="9">87337</subfield>
  </datafield>
  <datafield tag="650" ind1=" " ind2=" ">
    <subfield code="a">Palabras (Ling&#xFC;&#xED;stica)</subfield>
    <subfield code="9">33561</subfield>
  </datafield>
  <datafield tag="650" ind1=" " ind2=" ">
    <subfield code="a">Procesamiento de palabras</subfield>
    <subfield code="9">40431</subfield>
  </datafield>
  <datafield tag="650" ind1=" " ind2=" ">
    <subfield code="a">Reconocimiento de palabras</subfield>
    <subfield code="9">173364</subfield>
  </datafield>
  <datafield tag="650" ind1=" " ind2="0">
    <subfield code="a">Comprensi&#xF3;n de textos</subfield>
    <subfield code="9">64559</subfield>
  </datafield>
  <datafield tag="650" ind1=" " ind2=" ">
    <subfield code="a">Procesamiento de la informaci&#xF3;n</subfield>
    <subfield code="9">40432</subfield>
  </datafield>
  <datafield tag="650" ind1=" " ind2="7">
    <subfield code="a">Psicoling&#xFC;&#xED;stica</subfield>
    <subfield code="2">lemb</subfield>
    <subfield code="9">31208</subfield>
  </datafield>
  <datafield tag="650" ind1=" " ind2=" ">
    <subfield code="a">Lenguaje hablado</subfield>
    <subfield code="9">90237</subfield>
  </datafield>
  <datafield tag="700" ind1="1" ind2="0">
    <subfield code="a">Hederich Mart&#xED;nez, Christian</subfield>
    <subfield code="4">aut</subfield>
    <subfield code="0">(isni)0000000012688819</subfield>
    <subfield code="0">(viaf)24194037</subfield>
    <subfield code="e">aut</subfield>
    <subfield code="9">472115</subfield>
  </datafield>
  <datafield tag="773" ind1="0" ind2=" ">
    <subfield code="t">Folios. Revista de la Facultad de Humanidades (Bogot&#xE1;)</subfield>
    <subfield code="g">N&#xFA;mero 14, Julio-Diciembre 2001, p. 79-91</subfield>
    <subfield code="w">847511</subfield>
    <subfield code="x">0123-4870</subfield>
    <subfield code="0">299355</subfield>
  </datafield>
  <datafield tag="942" ind1=" " ind2=" ">
    <subfield code="c">ARIMP</subfield>
  </datafield>
  <datafield tag="999" ind1=" " ind2=" ">
    <subfield code="c">252559</subfield>
    <subfield code="d">252559</subfield>
  </datafield>
</record>
